000
00323nam a2200133Ia 4500
008
211109s9999||||xx |||||||||||||| ||und||
082
_a
541.05
_b
MAH-V
100
_a
Mahabir Singh,
245
0
_a
Volume title
260
_b
IIT-JEE
_a
Mumbai
_c
2003
630
_x
Reference Reading Room
650
_v
Generalia
942
_c
BOOK
999
_c
56248
_d
56248